LDR 00586naa#a2200181#i#450# 001 EN\INFRA-M\bibl\126781 005 20260704033830.6 011 ## _a2305-7807 100 ## _a20260430b2026####ek#y0engy0150####ca 102 ## _aRU 200 1# _aGENERATION Z STAFF INCENTIVE TOOLS: ANALYSIS OF PRACTICES AND RECOMMENDATIONS FOR IMPROVEMENT _eJournal article 210 1# _aMoscow _cINFRA-M Academic Publishing LLC. _d2026 215 ## _a4 с. 608 ## _aJournal article _2local 675 ## _aСтимулы к труду. 331.101.38 _z 700 #1 _aBabich _gA. M. 700 #1 _aAshurbekov _gR. A. 856 4# _azh-szf.ru _u